000 01112nam a2200265 a 4500
001 000012158
003 DO-SdBNP
005 20250320101643.0
008 091106s2005 dr a 000 0 spa d
040 _aDO-SdBNP
_bspa
_cBNPHU
049 _aBNPD
082 _a338.19
_bS232p
100 1 _aSantana, Lidia Milena
_928735
245 1 3 _aEl pequeño agricultor orgánico dominicano y sus oportunidades de inserción en el mercado nacional e internacional /
_cLidia Milena Santana ... [et al.].
260 _aSanto Domingo, :
_bCentro para el Desarrollo Agropecuario y Forestal, Inc. (CEDAF)
_bFundación Agricultura y Medio Ambiente (FAMA),
_c2005.
300 _a35 p. :
_bil. ;
_c21 cm.
650 4 _aAgricultura orgánica
_zRepública Dominicana
_928736
650 4 _aAgricultura aspectos económicos
_zRepública Dominicana
_928737
650 0 _aProductos agrícolas
_zRepública Dominicana
_94113
_2LEMB
650 4 _aAgricultura de paises en desarrollo
_916448
700 1 _aLara Franjul, Carmen
_928738
700 1 _aCuello Pérez, Nelly
_928739
700 1 _aEspinal, Feliciana
_928740
942 _2ddc
_cLBS1
999 _c11823
_d11823